Liberté de la presse, le paradoxe français Jacques LEPRETTE, Henri PIGEAT (sous la direction de) par Jean-Pierre BACOT (notice n° 1669712)

détails MARC
000 -LEADER
fixed length control field 02246cam a2200169 4500500
005 - DATE AND TIME OF LATEST TRANSACTION
control field 20260222010934.0
041 ## - LANGUAGE CODE
Language code of text/sound track or separate title fre
042 ## - AUTHENTICATION CODE
Authentication code dc
100 10 - MAIN ENTRY--PERSONAL NAME
Personal name Bacot, Jean-Pierre
Relator term author
245 00 - TITLE STATEMENT
Title Liberté de la presse, le paradoxe français Jacques LEPRETTE, Henri PIGEAT (sous la direction de) par Jean-Pierre BACOT
260 ## - PUBLICATION, DISTRIBUTION, ETC.
Date of publication, distribution, etc. 2003.<br/>
500 ## - GENERAL NOTE
General note 61
520 ## - SUMMARY, ETC.
Summary, etc. Diverses notions de réseau en sciences sociales reposent sur des représentations simplifiées des relations et de leurs dynamiques. En dépit de leurs vertus, ces représentations n’épuisent pas la question de l’élaboration des « réseaux » et de leur texture. Les systèmes et dynamiques relationnels liés à la communication électronique dans la recherche constituent un cas exemplaire pour approfondir cette question. Les « réseaux » sont ici abordés a priori comme des Objets relationnels non identifiés (ORNI). A partir d’enquêtes menées depuis le début des années 1990, l’article précise comment les usages académiques de la communication électronique contribuent à l’élaboration de formes diverses de « mises en réseau » et d’autres types de systèmes relationnels, et parfois à leur destruction.
520 ## - SUMMARY, ETC.
Summary, etc. NETWORKS, UNIDENTIFIED RELATIONAL OBJECTS? The case of electronic communication in research In the social sciences various notions of networks are based on simplified representations of relations and their dynamics. For all they are worth, these representations fail to exhaust the question of the elaboration of “networks” and their texture. The relational systems and dynamics connected to electronic communication in research constitute a fine example for more indepth analysis of this issue. “Networks” are treated here as Unidentified Relational Objects. Based on surveys undertaken since the early 1990s, the article shows how academic uses of electronic communication contribute towards the elaboration of diverse forms of “networking” and other types of relational systems, and sometimes towards their destruction.
786 0# - DATA SOURCE ENTRY
Note Réseaux | 118 | 2 | 2003-04-01 | p. 271d-293d | 0751-7971
856 41 - ELECTRONIC LOCATION AND ACCESS
Uniform Resource Identifier <a href="https://shs.cairn.info/revue-reseaux1-2003-2-page-271d?lang=fr&redirect-ssocas=7080">https://shs.cairn.info/revue-reseaux1-2003-2-page-271d?lang=fr&redirect-ssocas=7080</a>

Pas d'exemplaire disponible.

PLUDOC

PLUDOC est la plateforme unique et centralisée de gestion des bibliothèques physiques et numériques de Guinée administré par le CEDUST. Elle est la plus grande base de données de ressources documentaires pour les Étudiants, Enseignants chercheurs et Chercheurs de Guinée.

Adresse

627 919 101/664 919 101

25 boulevard du commerce
Kaloum, Conakry, Guinée

Réseaux sociaux

Powered by Netsen Group @ 2025